Statistics for Well Known Sayings/Phrases

Click here to take the quiz!

General Stats

  • This quiz has been taken 102 times
  • The average score is 10 of 11

Answer Stats

HintAnswer% Correct
Better LateThan Never
99%
Actions Speak LouderThan Words
99%
Easy Come,Easy Go
98%
Practice MakesPerfect
98%
The Early BirdGets The Worm
96%
You Can’t JudgeA Book By Its Cover
94%
Two Heads AreBetter Than One
94%
There’s No PlaceLike Home
94%
One Man's Trash IsAnother Man's Treasure
92%
Honesty IsThe Best Policy
82%
A Penny Saved IsA Penny Earned
66%

Score Distribution

Percentile by Number Answered

Percent of People with Each Score

Your Score History

You have not taken this quiz